La chiesa sul fiume: la missione dei Cappuccini dell'Umbria in Amazzonia ; (1909 - 2009)
| Main Author: | |
|---|---|
| Format: | Print Book |
| Language: | Italian |
| Subito Delivery Service: | Order now. |
| Check availability: | HBZ Gateway |
| WorldCat: | WorldCat |
| Interlibrary Loan: | Interlibrary Loan for the Fachinformationsdienste (Specialized Information Services in Germany) |
| Published: |
Roma
Istituto Storico dei Cappuccini
2010
|
| In: |
Bibliotheca seraphico-capuccina (90)
Year: 2010 |
| Series/Journal: | Bibliotheca seraphico-capuccina
90 |
| Standardized Subjects / Keyword chains: | B
Amazonastiefland
/ Mission (international law
/ Kapuziner, Provinz Umbrien
/ History 1909-2009
|
| Further subjects: | B
Catholic Church
Missions (Brazil) (Amazon River Region)
History
B Capuchins Missions (Brazil) (Amazon River Region) History |
| Online Access: |
Cover (Publisher) Table of Contents |
MARC
| LEADER | 00000cam a2200000 c 4500 | ||
|---|---|---|---|
| 001 | 627359280 | ||
| 003 | DE-627 | ||
| 005 | 20251223223312.0 | ||
| 007 | tu | ||
| 008 | 100603s2010 it ||||| 00| ||ita c | ||
| 010 | |a 2011373329 | ||
| 020 | |a 9788888001685 |9 978-88-88001-68-5 | ||
| 035 | |a (DE-627)627359280 | ||
| 035 | |a (DE-576)323575897 | ||
| 035 | |a (DE-599)BSZ323575897 | ||
| 035 | |a (OCoLC)699994303 | ||
| 035 | |a (OCoLC)699994303 | ||
| 040 | |a DE-627 |b ger |c DE-627 |e rakwb | ||
| 041 | |a ita | ||
| 044 | |c XA-IT | ||
| 050 | 0 | |a BV2853.B6 | |
| 082 | 0 | |a 271 |2 21 | |
| 084 | |a 1 |2 ssgn | ||
| 084 | |a 11.54 |2 bkl | ||
| 100 | 1 | |0 (DE-588)142522414 |0 (DE-627)636492761 |0 (DE-576)331429624 |4 aut |a Tosti, Mario |d 1953- | |
| 109 | |a Tosti, Mario 1953- | ||
| 245 | 1 | 3 | |a La chiesa sul fiume |b la missione dei Cappuccini dell'Umbria in Amazzonia ; (1909 - 2009) |c Mario Tosti |
| 264 | 1 | |a Roma |b Istituto Storico dei Cappuccini |c 2010 | |
| 300 | |a 363 S. |b Ill., Kt |c 24 cm | ||
| 336 | |a Text |b txt |2 rdacontent | ||
| 337 | |a ohne Hilfsmittel zu benutzen |b n |2 rdamedia | ||
| 338 | |a Band |b nc |2 rdacarrier | ||
| 490 | 1 | |a Bibliotheca seraphico-capuccina |v 90 | |
| 500 | |a Includes bibliographical references | ||
| 583 | 1 | |a Archivierung/Langzeitarchivierung gewährleistet |f SSG |x XA-DE-BW |2 pdager |5 DE-21 | |
| 610 | 1 | 0 | |a Catholic Church |x Missions |z Brazil |z Amazon River Region |x History |
| 610 | 1 | 0 | |a Capuchins |x Missions |z Brazil |z Amazon River Region |x History |
| 689 | 0 | 0 | |d g |0 (DE-588)4085668-9 |0 (DE-627)104221178 |0 (DE-576)209230738 |2 gnd |a Amazonastiefland |
| 689 | 0 | 1 | |d s |0 (DE-588)4039567-4 |0 (DE-627)106227602 |0 (DE-576)20903551X |2 gnd |a Mission |
| 689 | 0 | 2 | |d b |0 (DE-588)4746959-6 |0 (DE-627)371030285 |0 (DE-576)215973909 |2 gnd |a Kapuziner |b Provinz Umbrien |
| 689 | 0 | 3 | |q z |2 gnd |a Geschichte 1909-2009 |
| 689 | 0 | |5 (DE-627) | |
| 830 | 0 | |a Bibliotheca seraphico-capuccina |v 90 |9 90 |w (DE-627)167226576 |w (DE-576)009211527 |w (DE-600)431282-X |x 0067-8163 |7 am | |
| 856 | 4 | 2 | |u http://www.gbv.de/dms/spk/iai/cov/627359280.jpg |m V:DE-601 |m B:DE-204 |q image/jpeg |v 2010-10-14 |x Verlag |3 Cover |7 1 |
| 856 | 4 | 2 | |u https://swbplus.bsz-bw.de/bsz323575897inh.htm |m B:DE-576;DE-21 |q application/pdf |v 20100608104957 |x Verlag |3 Inhaltsverzeichnis |7 1 |
| 935 | |a mteo | ||
| 935 | |i Blocktest | ||
| 936 | b | k | |a 11.54 |j Katholizismus |0 (DE-627)106402668 |
| 951 | |a BO | ||
| ELC | |b 1 | ||
| ITA | |a 1 |t 1 | ||
| LOK | |0 000 xxxxxcx a22 zn 4500 | ||
| LOK | |0 001 309167097X | ||
| LOK | |0 003 DE-627 | ||
| LOK | |0 004 627359280 | ||
| LOK | |0 005 20100604081458 | ||
| LOK | |0 008 100527||||||||||||||||ger||||||| | ||
| LOK | |0 040 |a DE-21 |c DE-627 |d DE-21 | ||
| LOK | |0 852 |a DE-21 | ||
| LOK | |0 852 1 |c 50 A 4679 |9 00 | ||
| LOK | |0 935 |a theo | ||
| LOK | |0 936ln |a t4.15 | ||
| LOK | |0 938 |a 1006 |f 2 | ||
| LOK | |0 939 |a 27-05-10 |b l01 | ||
| ORI | |a SA-MARC-ixtheoa001.raw | ||
| STA | 0 | 0 | |a Mission (international law,Mission,Mission,Christianity,World mission |
| STB | 0 | 0 | |a Mission,Mission,Mission |
| STC | 0 | 0 | |a Misión,Misión,Misión |
| STD | 0 | 0 | |a Missione,Missione,Missione |
| STE | 0 | 0 | |a 宣教,宣教,传教,宣教使命,传教,宣教使命 |
| STF | 0 | 0 | |a 宣教,宣教,傳教,宣教使命,傳教,宣教使命 |
| STG | 0 | 0 | |a Missão,Missão,Missão |
| STH | 0 | 0 | |a Миссия (международное право),Миссия (мотив),Миссия |
| STI | 0 | 0 | |a Αποστολή (Διεθνές δίκαιο),Ιεραποστολή (μοτίβο),Ιεραποστολή |
| SYG | 0 | 0 | |a Amazonasbecken,Amazonien , Diplomatische Mission,Christentum,Christliche Mission,Heidenmission,Weltmission,Missionierung , Kapuziner,Provincia Umbria,Kapuziner,Provincia Umbriae,Kapuziner,Provincia Seraphica Sancti Francisci,Kapuziner,Provincia Sancti Francisci,Kapuziner,Provincia Serafica,Kapuziner,Provincia dell'Umbria dei Frati Minori Cappuccini |
| TIM | |a 100019090101_100020091231 |b Geschichte 1909-2009 | ||